000 00601nam a22001817a 4500
005 20251108170520.0
008 250721s9999 xx 000 0 ara d
082 1 4 _a510.7/نصر
100 1 _aنصر، السيد
245 1 0 _aالتفاضل و التكامل :
_bالدوال المثلثية و الدوال المثلثية العكسية /
264 1 _aالقاهره :
_bمكتبة إبن سينا للنشر،
_c[19-].
300 _a126ص
650 1 7 _aالرياضيات
650 1 7 _aالتدريس
650 1 7 _aالتفاضل و التكامل
942 _2ddc
_cBK
999 _c42375
_d42375